[Event "CCC 2021 IM"]
[Site "Ballerup"]
[Date "2021.08.04"]
[Round "1"]
[White "Thogersen, Rasmus"]
[Black "Sahl, Bjarke"]
[Result "0-1"]
[WhiteElo "2283"]
[BlackElo "2335"]
[PlyCount "82"]
[EventDate "2021.08.04"]
[EventType "tourn"]
[EventRounds "9"]
[EventCountry "DEN"]

1. e4 e5 2. Nf3 Nc6 3. Bb5 a6 4. Ba4 Bc5 5. c3 Nge7 6. O-O O-O 7. d4 exd4 8.
cxd4 Ba7 9. d5 Nb8 10. d6 cxd6 11. Nc3 d5 12. Nxd5 d6 13. Bf4 Ng6 14. Rc1 Nc6
15. Bg3 Nce5 16. Nd4 Bg4 17. Qd2 Rc8 18. Bb3 h5 19. Rxc8 Bxc8 20. f4 h4 21. Be1
h3 22. Kh1 hxg2+ 23. Kxg2 Nh4+ 24. Kh1 Bh3 25. fxe5 Bxf1 26. Nf6+ Qxf6 27. exf6
Bg2+ 28. Qxg2 Nxg2 29. fxg7 Re8 30. Nf5 Nxe1 31. Bxf7+ Kxf7 32. Nxd6+ Kxg7 33.
Nxe8+ Kg6 34. Nd6 b5 35. e5 Bb8 36. Ne4 Bxe5 37. Nc5 Bd6 38. Nxa6 Nd3 39. b3
Nc1 40. Kg2 Nxa2 41. Kf3 Nb4 0-1

[Event "CCC 2021 IM"]
[Site "Ballerup"]
[Date "2021.08.04"]
[Round "1"]
[White "Akdag, Dara Sevkan"]
[Black "Kistrup, Nicolai"]
[Result "0-1"]
[WhiteElo "2231"]
[BlackElo "2250"]
[PlyCount "100"]
[EventDate "2021.08.04"]
[EventType "tourn"]
[EventRounds "9"]
[EventCountry "DEN"]

1. f4 d5 2. Nf3 g6 3. e3 Bg7 4. Be2 c5 5. O-O Nf6 6. Ne5 O-O 7. b3 d4 8. Bb2
dxe3 9. dxe3 Qxd1 10. Rxd1 Ng4 11. Na3 Nxe3 12. Rd3 Ng4 13. Bf3 Nxe5 14. Bxe5
Bxe5 15. fxe5 Na6 16. Rc3 Rd8 17. Nb5 Bd7 18. Bxb7 Bxb5 19. a4 Be2 20. Bxa8
Rxa8 21. h3 g5 22. g4 Nc7 23. Kf2 Ba6 24. Rxc5 Ne6 25. Ra5 Bb7 26. Rd1 a6 27.
c4 Rd8 28. Rc1 Rd3 29. c5 Nd4 30. c6 Rf3+ 31. Kg2 Bxc6 32. Rxc6 Nxc6 33. Rxa6
Nxe5 34. Rb6 Rc3 35. a5 Rc2+ 36. Kf1 Ra2 37. b4 Nc4 38. Rb5 f6 39. Rc5 Nd2+ 40.
Ke1 Nb3 41. Rc3 Nxa5 42. Rc8+ Kf7 43. Ra8 Ra1+ 44. Ke2 Nb3 45. Rh8 Ra4 46. Kd3
Rxb4 47. Rxh7+ Ke6 48. Kc3 Rb8 49. h4 gxh4 50. Rxh4 Nc5 0-1

[Event "CCC 2021 IM"]
[Site "Ballerup"]
[Date "2021.08.04"]
[Round "1"]
[White "Jepson, Christian"]
[Black "Vesterli, Michael E"]
[Result "1-0"]
[WhiteElo "2389"]
[BlackElo "2207"]
[PlyCount "103"]
[EventDate "2021.08.04"]
[EventType "tourn"]
[EventRounds "9"]
[EventCountry "DEN"]

1. c4 Nf6 2. g3 g6 3. Bg2 Bg7 4. Nc3 O-O 5. e4 e5 6. Nge2 Nc6 7. d3 d6 8. O-O
Nd7 9. f4 exf4 10. gxf4 f5 11. Be3 Nf6 12. h3 Be6 13. b3 fxe4 14. dxe4 Qd7 15.
Kh2 Bg4 16. Qd2 Bxe2 17. Nxe2 Rae8 18. Nc3 Kh8 19. Rad1 Re7 20. c5 Rd8 21. Qf2
Qe6 22. cxd6 cxd6 23. Kg1 b6 24. Bc1 Red7 25. Rfe1 Ne7 26. Nb5 Nh5 27. Qf3 Qf7
28. Rf1 h6 29. Nd4 Rc7 30. Bb2 Rf8 31. Ba3 Nc8 32. f5 Qf6 33. Qg4 Qe5 34. Ne6
gxf5 35. Rxf5 Rxf5 36. Qxf5 Qxf5 37. exf5 Rc2 38. Rc1 Rxc1+ 39. Bxc1 Ne7 40.
Bf3 Nf6 41. Nd4 Nfd5 42. Nb5 Nc3 43. Nxc3 Bxc3 44. Bxh6 Nxf5 45. Bf4 Nd4 46.
Kf2 Nxf3 47. Kxf3 d5 48. Ke3 Kg7 49. Kd3 Bf6 50. Bb8 a6 51. Ba7 b5 52. Bd4 1-0

[Event "CCC 2021 IM"]
[Site "Ballerup"]
[Date "2021.08.04"]
[Round "1"]
[White "Lindberg, Bengt"]
[Black "Ramsdal, Jens Albert"]
[Result "0-1"]
[WhiteElo "2376"]
[BlackElo "2253"]
[PlyCount "108"]
[EventDate "2021.08.04"]
[EventType "tourn"]
[EventRounds "9"]
[EventCountry "DEN"]

1. e4 c5 2. Nf3 d6 3. d4 cxd4 4. Nxd4 Nf6 5. Nc3 Nc6 6. Bg5 e6 7. Qd2 a6 8.
O-O-O Bd7 9. f3 Nxd4 10. Qxd4 Be7 11. h4 h6 12. Be3 h5 13. Kb1 Qc7 14. Qd2 b5
15. Bf4 b4 16. Ne2 Rc8 17. Nc1 Qc6 18. Nd3 a5 19. e5 Nd5 20. exd6 Bf6 21. Be5
Qb6 22. Re1 Ba4 23. d7+ Bxd7 24. Bxf6 gxf6 25. Nf4 Nxf4 26. Qxf4 Qc7 27. Qd2
Ke7 28. Bd3 Qc5 29. Re2 Rhd8 30. Qe3 Qxe3 31. Rxe3 Rg8 32. Re2 Bc6 33. Rf1 Rcd8
34. Kc1 Rd4 35. Rh1 Bd5 36. Kd2 Bc4 37. Ke3 Bxd3 38. cxd3 Rgd8 39. Rd2 e5 40.
g3 f5 41. Rc1 R8d5 42. Rc4 a4 43. Rxd4 exd4+ 44. Kf4 Rc5 45. g4 fxg4 46. fxg4
hxg4 47. Kxg4 b3 48. axb3 axb3 49. Re2+ Kf8 50. h5 Kg7 51. Kf4 Rc2 52. Re4 Rxb2
53. Rxd4 Rb1 54. Rb4 b2 0-1

[Event "CCC 2021 IM"]
[Site "Ballerup"]
[Date "2021.08.04"]
[Round "1"]
[White "Brondt, Nicolai Kvist"]
[Black "Sorensen, Hampus"]
[Result "0-1"]
[WhiteElo "2270"]
[BlackElo "2382"]
[PlyCount "62"]
[EventDate "2021.08.04"]
[EventType "tourn"]
[EventRounds "9"]
[EventCountry "DEN"]

1. d4 Nf6 2. c4 e6 3. Nc3 Bb4 4. e3 O-O 5. Bd3 d5 6. Nge2 dxc4 7. Bxc4 c5 8. a3
Bxc3+ 9. Nxc3 cxd4 10. exd4 Nc6 11. Be3 b6 12. O-O Bb7 13. Ba2 Ne7 14. Bg5 Ng6
15. d5 h6 16. Bxf6 Qxf6 17. dxe6 fxe6 18. f3 Nf4 19. Qc2 Rad8 20. Rad1 Rxd1 21.
Qxd1 Qg5 22. Qc2 Ba6 23. Re1 Bd3 24. h4 Qg3 25. Qd2 Kh8 26. Re3 Bf5 27. Bb1
Bxb1 28. Nxb1 Qxh4 29. Nc3 Rd8 30. Qc2 Qg5 31. Qe4 Qxg2# 0-1

[Event "CCC 2021 IM"]
[Site "Ballerup"]
[Date "2021.08.05"]
[Round "2"]
[White "Thogersen, Rasmus"]
[Black "Akdag, Dara Sevkan"]
[Result "1-0"]
[WhiteElo "2283"]
[BlackElo "2231"]
[PlyCount "57"]
[EventDate "2021.08.04"]
[EventType "tourn"]
[EventRounds "9"]
[EventCountry "DEN"]

1. e4 c5 2. Nf3 d6 3. d4 cxd4 4. Nxd4 Nf6 5. Nc3 g6 6. Be3 Bg7 7. f3 a6 8. Qd2
Nbd7 9. g4 h6 10. O-O-O b5 11. Kb1 Bb7 12. h4 Rc8 13. h5 b4 14. Na4 Qa5 15.
hxg6 Qxa4 16. b3 Nxe4 17. fxe4 Qa3 18. gxf7+ Kxf7 19. Qf2+ Ke8 20. Qf5 Ne5 21.
Bc1 Qa5 22. Ne6 Bf6 23. g5 hxg5 24. Rxh8+ Bxh8 25. Be2 Kd7 26. Bxg5 Ba8 27.
Nd4+ Kc7 28. Bxe7 Kb6 29. Qxc8 1-0

[Event "CCC 2021 IM"]
[Site "Ballerup"]
[Date "2021.08.05"]
[Round "2"]
[White "Kistrup, Nicolai"]
[Black "Jepson, Christian"]
[Result "1/2-1/2"]
[WhiteElo "2250"]
[BlackElo "2389"]
[PlyCount "20"]
[EventDate "2021.08.04"]
[EventType "tourn"]
[EventRounds "9"]
[EventCountry "DEN"]

1. d4 d6 2. Nf3 Nf6 3. c4 g6 4. Nc3 Bf5 5. Nh4 Bd7 6. Nf3 Bf5 7. Nh4 Bd7 8. Nf3
Bf5 9. Nh4 Bd7 10. Nf3 Bf5 1/2-1/2

[Event "CCC 2021 IM"]
[Site "Ballerup"]
[Date "2021.08.05"]
[Round "2"]
[White "Vesterli, Michael E"]
[Black "Lindberg, Bengt"]
[Result "0-1"]
[WhiteElo "2207"]
[BlackElo "2376"]
[PlyCount "88"]
[EventDate "2021.08.04"]
[EventType "tourn"]
[EventRounds "9"]
[EventCountry "DEN"]

1. d4 Nf6 2. c4 e6 3. Nf3 c5 4. d5 exd5 5. cxd5 d6 6. Nc3 g6 7. Bf4 Bg7 8. Qa4+
Bd7 9. Qb3 Qc7 10. e3 O-O 11. h3 Re8 12. Nd2 Na6 13. Nc4 Bf8 14. Rd1 Ne4 15.
Nxe4 Rxe4 16. Bd3 Rxf4 17. exf4 b5 18. Ne3 c4 19. Qa3 Qb6 20. Be2 b4 21. Nxc4
bxa3 22. Nxb6 axb6 23. bxa3 Nc5 24. O-O Rxa3 25. Rd2 Bg7 26. Rb1 Bc3 27. Rdd1
Ba5 28. Bc4 Ra4 29. Bb3 Rxf4 30. g3 Re4 31. Kg2 Re2 32. Kf3 Re5 33. g4 Kg7 34.
Rbc1 h5 35. Rd4 hxg4+ 36. hxg4 b5 37. Bd1 Bb6 38. Rb1 Ba5 39. Rc1 Re1 40. Rc2
Rg1 41. Be2 f5 42. Kf4 fxg4 43. Rd1 Rg2 44. Bd3 Nxd3+ 0-1

[Event "CCC 2021 IM"]
[Site "Ballerup"]
[Date "2021.08.05"]
[Round "2"]
[White "Ramsdal, Jens Albert"]
[Black "Brondt, Nicolai Kvist"]
[Result "0-1"]
[WhiteElo "2253"]
[BlackElo "2270"]
[PlyCount "122"]
[EventDate "2021.08.04"]
[EventType "tourn"]
[EventRounds "9"]
[EventCountry "DEN"]

1. e4 c6 2. d4 d5 3. e5 Bf5 4. h4 h5 5. Bd3 Bxd3 6. Qxd3 e6 7. Bg5 Qb6 8. Nd2
Nh6 9. Ngf3 Qa6 10. c4 dxc4 11. Nxc4 Bb4+ 12. Bd2 Bxd2+ 13. Nfxd2 O-O 14. Qf3
Nf5 15. O-O Rd8 16. Nd6 Nxd6 17. exd6 Qb5 18. Rfe1 Nd7 19. Ne4 Qf5 20. Qb3 Rab8
21. Qa3 Nf6 22. Nxf6+ Qxf6 23. Re4 a6 24. Rae1 Rd7 25. Qg3 Rbd8 26. Rf4 Qh6 27.
Qf3 f5 28. g3 Qg6 29. Qb3 Re8 30. Re5 Kh7 31. Qe3 Rxd6 32. Rfxf5 exf5 33. Rxe8
Rxd4 34. Re7 Re4 35. Rxe4 fxe4 36. Qf4 Qe6 37. b3 Qd5 38. Kh2 c5 39. g4 hxg4
40. Qxg4 Qe5+ 41. Kg2 Kh6 42. Qc8 Qd5 43. Qh8+ Kg6 44. Qe8+ Kh7 45. Kg3 Qf5 46.
h5 Qf3+ 47. Kh4 Qxf2+ 48. Kg5 Qf6+ 49. Kg4 Qc6 50. Qe5 Kg8 51. Qe7 b5 52. h6
Qg6+ 53. Kh3 Qxh6+ 54. Kg4 Qg6+ 55. Kh3 c4 56. bxc4 bxc4 57. Qd8+ Kh7 58. Qd4
Qf5+ 59. Kg2 Qf3+ 60. Kg1 c3 61. Qd8 Qg3+ 0-1

[Event "CCC 2021 IM"]
[Site "Ballerup"]
[Date "2021.08.05"]
[Round "2"]
[White "Sahl, Bjarke"]
[Black "Sorensen, Hampus"]
[Result "0-1"]
[WhiteElo "2335"]
[BlackElo "2382"]
[PlyCount "100"]
[EventDate "2021.08.04"]
[EventType "tourn"]
[EventRounds "9"]
[EventCountry "DEN"]

1. c4 e5 2. Nc3 Bb4 3. Qc2 c6 4. Nf3 d6 5. a3 Ba5 6. e3 Nd7 7. Be2 Ngf6 8. O-O
O-O 9. b4 Bc7 10. d4 Re8 11. dxe5 dxe5 12. e4 Nf8 13. Rd1 Qe7 14. Be3 Ne6 15.
h3 b6 16. Rac1 Bb7 17. b5 Rac8 18. bxc6 Bxc6 19. Nd5 Qf8 20. Nxf6+ gxf6 21. Nh4
Nd4 22. Bxd4 exd4 23. Bd3 Qd6 24. g3 Qe6 25. Nf5 Bxe4 26. Bxe4 Qxe4 27. Rxd4
Qxc2 28. Rxc2 Rcd8 29. Rd5 Re5 30. g4 Kf8 31. Rcd2 Rexd5 32. cxd5 Bd6 33. Kg2
Ke8 34. a4 Bc5 35. Kf3 Kd7 36. Ng3 Bd6 37. Ne4 Be5 38. Ke3 Ke7 39. f4 Bb8 40.
Ng3 Rc8 41. Nf5+ Kd7 42. h4 Rc1 43. g5 Re1+ 44. Kd3 Bxf4 45. Rf2 fxg5 46. hxg5
Bxg5 47. Nd4 f6 48. Nc6 Kd6 49. Nxa7 Kxd5 50. Nc8 Rd1+ 0-1

[Event "CCC 2021 IM"]
[Site "Ballerup"]
[Date "2021.08.05"]
[Round "3"]
[White "Jepson, Christian"]
[Black "Thogersen, Rasmus"]
[Result "1-0"]
[WhiteElo "2389"]
[BlackElo "2283"]
[PlyCount "79"]
[EventDate "2021.08.04"]
[EventType "tourn"]
[EventRounds "9"]
[EventCountry "DEN"]

1. c4 g6 2. Nc3 c5 3. g3 Bg7 4. Bg2 Nc6 5. d3 d6 6. e4 Nf6 7. Nge2 O-O 8. O-O
Ne8 9. f4 Nc7 10. Rb1 Rb8 11. a3 b5 12. Be3 Bd7 13. b3 Qc8 14. Nd5 e6 15. Nxc7
Qxc7 16. cxb5 Rxb5 17. d4 cxd4 18. Nxd4 Nxd4 19. Bxd4 e5 20. Be3 Qc3 21. Bxa7
Qa5 22. Be3 Qxa3 23. f5 Rfb8 24. f6 Rxb3 25. Ra1 Qb4 26. Ba7 Bf8 27. Bxb8 Qxb8
28. Rb1 Qa7+ 29. Kh1 Re3 30. Re1 Rc3 31. Qd2 Ra3 32. Rb2 h5 33. Reb1 Kh7 34.
Bf1 Bc6 35. Bg2 Ra4 36. Qc1 Bxe4 37. Bxe4 Rxe4 38. Rb8 Qf2 39. Rxf8 Qxf6 40.
Qf1 1-0

[Event "CCC 2021 IM"]
[Site "Ballerup"]
[Date "2021.08.05"]
[Round "3"]
[White "Akdag, Dara Sevkan"]
[Black "Sahl, Bjarke"]
[Result "1-0"]
[WhiteElo "2231"]
[BlackElo "2335"]
[PlyCount "87"]
[EventDate "2021.08.04"]
[EventType "tourn"]
[EventRounds "9"]
[EventCountry "DEN"]

1. f4 d5 2. Nf3 c5 3. g3 Nc6 4. Bg2 Nf6 5. O-O g6 6. d3 Bg7 7. c3 O-O 8. Na3 b6
9. Qe1 Ba6 10. Rb1 b5 11. Nc2 Bb7 12. h3 c4 13. Ncd4 Nxd4 14. Nxd4 Nd7 15. Nxb5
Qb6+ 16. Nd4 cxd3 17. exd3 e5 18. fxe5 Nxe5 19. Be3 Qa6 20. Qd2 Nxd3 21. Bh6
Ne5 22. Bxg7 Kxg7 23. Nb3 Qb6+ 24. Kh2 Rad8 25. Rf4 Rd6 26. Rb4 Qc7 27. Qd4 Rb6
28. Nc5 Rxb4 29. Qxb4 Bc8 30. Qd4 f6 31. Rf1 Rd8 32. b4 Rd6 33. Rd1 h5 34. Nd3
Nf7 35. Nf4 h4 36. gxh4 Rc6 37. Bxd5 Rxc3 38. Kg1 Ne5 39. Ne2 Rc4 40. Qf2 Rxb4
41. h5 Bxh3 42. h6+ Kh7 43. Qxf6 Ng4 44. Bg8+ 1-0

[Event "CCC 2021 IM"]
[Site "Ballerup"]
[Date "2021.08.05"]
[Round "3"]
[White "Lindberg, Bengt"]
[Black "Kistrup, Nicolai"]
[Result "0-1"]
[WhiteElo "2376"]
[BlackElo "2250"]
[PlyCount "80"]
[EventDate "2021.08.04"]
[EventType "tourn"]
[EventRounds "9"]
[EventCountry "DEN"]

1. e4 e5 2. Nf3 Nc6 3. Bb5 a6 4. Ba4 Nf6 5. O-O Be7 6. Re1 b5 7. Bb3 O-O 8. c3
d5 9. exd5 Nxd5 10. Nxe5 Nxe5 11. Rxe5 c6 12. d4 Bd6 13. Re1 Qh4 14. g3 Qh3 15.
Re4 g5 16. Qf1 Qh5 17. Nd2 f5 18. Re1 f4 19. Ne4 Bh3 20. Bd1 f3 21. Qd3 Rae8
22. Bd2 Rxe4 23. Qxe4 Bxg3 24. Bxf3 Bxh2+ 25. Kh1 Rxf3 26. Qe8+ Qxe8 27. Rxe8+
Kf7 28. Rae1 Rxf2 29. R8e2 Rxe2 30. Rxe2 Bf4 31. Bxf4 Nxf4 32. Re5 Kf6 33. Kh2
Be6 34. b3 h5 35. Kg3 h4+ 36. Kf3 Nd3 37. Re2 g4+ 38. Ke3 Bf5 39. c4 bxc4 40.
bxc4 h3 0-1

[Event "CCC 2021 IM"]
[Site "Ballerup"]
[Date "2021.08.05"]
[Round "3"]
[White "Brondt, Nicolai Kvist"]
[Black "Vesterli, Michael E"]
[Result "0-1"]
[WhiteElo "2270"]
[BlackElo "2207"]
[PlyCount "70"]
[EventDate "2021.08.04"]
[EventType "tourn"]
[EventRounds "9"]
[EventCountry "DEN"]

1. Nf3 Nf6 2. c4 g6 3. g3 Bg7 4. Bg2 O-O 5. O-O d6 6. d4 Nc6 7. Nc3 a6 8. Bf4
Rb8 9. Rc1 Nh5 10. Be3 Bd7 11. d5 Na5 12. c5 Nc4 13. cxd6 Nxe3 14. dxc7 Qxc7
15. fxe3 Qb6 16. Qd2 Bh6 17. Nd4 Ng7 18. b3 e5 19. dxe6 Bxe6 20. Kh1 Rbd8 21.
Na4 Qd6 22. Nc5 Qe5 23. Nf3 Qh5 24. Qb4 Nf5 25. Ne4 Kh8 26. Rc3 Bg7 27. Rd3
Rxd3 28. exd3 Nxe3 29. Rc1 Bh3 30. Ne1 Nxg2 31. Nxg2 Qe2 32. Nh4 Re8 33. Ng5
Qe3 34. Nxf7+ Kg8 35. Ne5 Qxc1+ 0-1

[Event "CCC 2021 IM"]
[Site "Ballerup"]
[Date "2021.08.05"]
[Round "3"]
[White "Sorensen, Hampus"]
[Black "Ramsdal, Jens Albert"]
[Result "1-0"]
[WhiteElo "2382"]
[BlackElo "2253"]
[PlyCount "105"]
[EventDate "2021.08.04"]
[EventType "tourn"]
[EventRounds "9"]
[EventCountry "DEN"]

1. e4 c5 2. Nf3 Nc6 3. Bb5 g6 4. O-O Bg7 5. c3 e5 6. d3 Nge7 7. a4 O-O 8. Re1
h6 9. Nbd2 b6 10. Nc4 d6 11. a5 Nxa5 12. Nxa5 bxa5 13. Qa4 d5 14. exd5 Qxd5 15.
Bc4 Qd6 16. Qxa5 Nc6 17. Qa3 Rd8 18. Nd2 Bf8 19. Ne4 Qc7 20. Be3 Nd4 21. Qa5
Qxa5 22. Rxa5 Nc2 23. Rd1 Nxe3 24. fxe3 Rb8 25. Rxa7 Rb7 26. Rxb7 Bxb7 27. Rf1
Bxe4 28. Bxf7+ Kg7 29. dxe4 Be7 30. Bd5 Rf8 31. Rf3 Rxf3 32. gxf3 g5 33. Kf2
Kf6 34. Ke2 Bd8 35. Kd3 Ke7 36. Kc4 Kd6 37. f4 g4 38. Bf7 Bh4 39. Bh5 g3 40.
fxe5+ Kxe5 41. hxg3 Bxg3 42. Kxc5 Kxe4 43. b4 Bf2 44. c4 Bxe3+ 45. Kb5 Ke5 46.
c5 Bd2 47. Kc4 Ke6 48. b5 Kd7 49. b6 Kc8 50. c6 Bf4 51. Kd5 Bg3 52. Bg4+ Kd8
53. Kc5 1-0

[Event "CCC 2021 IM"]
[Site "Ballerup"]
[Date "2021.08.06"]
[Round "4"]
[White "Thogersen, Rasmus"]
[Black "Lindberg, Bengt"]
[Result "0-1"]
[WhiteElo "2283"]
[BlackElo "2376"]
[PlyCount "144"]
[EventDate "2021.08.04"]
[EventType "tourn"]
[EventRounds "9"]
[EventCountry "DEN"]

1. e4 e5 2. Nf3 Nc6 3. Bb5 a6 4. Ba4 Nf6 5. O-O Be7 6. Re1 b5 7. Bb3 d6 8. c3
O-O 9. h3 Na5 10. Bc2 c5 11. d4 Qc7 12. Nbd2 cxd4 13. cxd4 Rd8 14. b4 Nc6 15.
a3 exd4 16. Bb2 Qb6 17. Nb3 Bf8 18. Nfxd4 Ne5 19. Na5 Re8 20. Ne2 Bd7 21. Bd4
Qd8 22. Nc3 Nc6 23. Nxc6 Bxc6 24. Qf3 Nd7 25. Bb3 Qe7 26. Qg3 Rac8 27. a4 Ne5
28. axb5 axb5 29. f4 Nc4 30. Bxc4 bxc4 31. b5 Ba8 32. Ra7 Qe6 33. Rea1 Bxe4 34.
Re1 d5 35. Ra6 Qf5 36. Qe3 h5 37. b6 Qg6 38. Ra2 Qc6 39. Qg3 Re6 40. Rb2 Qb7
41. Kh2 Ra8 42. Qg5 Rg6 43. Qxh5 Bd6 44. Be5 Rh6 45. Qg4 f5 46. Qg5 Bxe5 47.
fxe5 Rxb6 48. Rd2 Bd3 49. e6 d4 50. e7 Re8 51. Na4 Ra6 52. Nb2 Qb8+ 53. Kg1 c3
54. Rxd3 cxb2 55. Rg3 g6 56. Rb1 Kf7 57. Rd3 Ra1 58. Rdd1 Rxb1 59. Rxb1 Qb4 60.
Qh4 Rxe7 61. Qh7+ Kf6 62. Qh4+ Kg7 63. Rxb2 Re1+ 64. Kh2 Qd6+ 65. g3 Qd5 66.
Rg2 d3 67. Qb4 Qe4 68. Qc3+ Kh7 69. Qf6 Qc4 70. Rb2 Qd5 71. Rg2 d2 72. Qh4+ Kg7
0-1

[Event "CCC 2021 IM"]
[Site "Ballerup"]
[Date "2021.08.06"]
[Round "4"]
[White "Akdag, Dara Sevkan"]
[Black "Jepson, Christian"]
[Result "0-1"]
[WhiteElo "2231"]
[BlackElo "2389"]
[PlyCount "76"]
[EventDate "2021.08.04"]
[EventType "tourn"]
[EventRounds "9"]
[EventCountry "DEN"]

1. f4 g6 2. Nf3 Bg7 3. g3 d5 4. Bg2 Nf6 5. O-O c5 6. b3 Nc6 7. Bb2 O-O 8. e3 d4
9. Na3 Bf5 10. h3 Be4 11. Nc4 dxe3 12. d3 Bxf3 13. Qxf3 Nd4 14. Bxd4 Qxd4 15.
Rae1 Rab8 16. Qxe3 e6 17. Ne5 Rfd8 18. Rf2 Nd5 19. Qf3 Nc3 20. a4 Re8 21. h4
Re7 22. h5 Rd8 23. Bh3 Rd5 24. hxg6 hxg6 25. Nc4 Rh5 26. Kg2 Qd5 27. Bg4 Rh8
28. Ne5 Bf6 29. Nc4 Kg7 30. Nd2 Bd4 31. Rff1 f5 32. Bh3 Kf6 33. g4 Reh7 34. g5+
Ke7 35. Rh1 Qxf3+ 36. Nxf3 Nd5 37. Kg3 Bc3 38. Re2 Rxh3+ 0-1

[Event "CCC 2021 IM"]
[Site "Ballerup"]
[Date "2021.08.06"]
[Round "4"]
[White "Kistrup, Nicolai"]
[Black "Brondt, Nicolai Kvist"]
[Result "1-0"]
[WhiteElo "2250"]
[BlackElo "2270"]
[PlyCount "63"]
[EventDate "2021.08.04"]
[EventType "tourn"]
[EventRounds "9"]
[EventCountry "DEN"]

1. e4 c5 2. Nf3 e6 3. d4 cxd4 4. Nxd4 Nc6 5. Nc3 Qc7 6. Be3 a6 7. g4 Bb4 8.
Nxc6 Qxc6 9. Qd4 Bxc3+ 10. bxc3 Ne7 11. Qxg7 Rg8 12. Qd4 b5 13. f3 Bb7 14. c4
f5 15. gxf5 exf5 16. Bd3 Qe6 17. O-O-O fxe4 18. fxe4 Rc8 19. cxb5 Qxa2 20. bxa6
Rg2 21. Qh8+ Ng8 22. Qb2 Qxb2+ 23. Kxb2 Bxa6 24. Rhg1 Rb8+ 25. Kc1 Rxg1 26.
Rxg1 Nf6 27. Bxa6 Rb4 28. Bd3 Nxe4 29. Rg4 Nc3 30. Rxb4 Na2+ 31. Kd2 Nxb4 32.
Bxh7 1-0

[Event "CCC 2021 IM"]
[Site "Ballerup"]
[Date "2021.08.06"]
[Round "4"]
[White "Vesterli, Michael E"]
[Black "Sorensen, Hampus"]
[Result "0-1"]
[WhiteElo "2207"]
[BlackElo "2382"]
[PlyCount "106"]
[EventDate "2021.08.04"]
[EventType "tourn"]
[EventRounds "9"]
[EventCountry "DEN"]

1. d4 Nf6 2. c4 c5 3. d5 b5 4. cxb5 a6 5. bxa6 g6 6. Nc3 Bg7 7. Nf3 O-O 8. e4
Qa5 9. Nd2 Bxa6 10. Be2 d6 11. O-O Bxe2 12. Qxe2 Qa6 13. Nc4 Nbd7 14. a4 Rfb8
15. Ra3 Ne8 16. Nb5 Nb6 17. Nxb6 Qxb6 18. Be3 Nc7 19. Nxc7 Qxc7 20. b3 Qa5 21.
g3 Qc3 22. Qa2 Qb4 23. f3 Qc3 24. Bd2 Qd3 25. Kg2 Bd4 26. Bc1 Rb4 27. a5 Qa6
28. Re1 Rab8 29. Bd2 R4b7 30. Qc2 h5 31. Bc3 Bxc3 32. Qxc3 Rb4 33. Qe3 c4 34.
bxc4 Rb2+ 35. Re2 Qxc4 36. Rd3 R8b3 37. Rxb2 Rxb2+ 38. Rd2 Qc1 39. Rxb2 Qxe3
40. a6 Kg7 41. h4 Qa3 42. Rb6 Qa2+ 43. Kh3 Kf6 44. f4 Kg7 45. Rc6 f5 46. Rc7
Kf7 47. exf5 gxf5 48. a7 Qxd5 49. Kh2 Qa8 50. g4 fxg4 51. f5 Qf3 52. Rc2 Qh3+
53. Kg1 Qe3+ 0-1

[Event "CCC 2021 IM"]
[Site "Ballerup"]
[Date "2021.08.06"]
[Round "4"]
[White "Sahl, Bjarke"]
[Black "Ramsdal, Jens Albert"]
[Result "0-1"]
[WhiteElo "2335"]
[BlackElo "2253"]
[PlyCount "80"]
[EventDate "2021.08.04"]
[EventType "tourn"]
[EventRounds "9"]
[EventCountry "DEN"]

1. e4 c5 2. Nf3 Nc6 3. Nc3 g6 4. d4 cxd4 5. Nxd4 Bg7 6. Be3 Nf6 7. Be2 O-O 8.
O-O d6 9. Kh1 a5 10. Ndb5 Nd7 11. Qc1 Nc5 12. Rd1 Bd7 13. f4 b6 14. Bf3 Qc8 15.
Nd5 Rb8 16. e5 dxe5 17. Na7 Qb7 18. Nxe7+ Nxe7 19. Bxb7 Rxb7 20. Rxd7 Rxd7 21.
Nb5 exf4 22. Bxf4 Rfd8 23. Nc3 Nf5 24. Qf1 Bxc3 25. bxc3 Ne4 26. g4 Rd1 27.
gxf5 Rxf1+ 28. Rxf1 Rc8 29. fxg6 hxg6 30. Be5 Nxc3 31. Rf3 Nxa2 32. Rf6 b5 33.
Rb6 Nc3 34. Bxc3 Rxc3 35. Rxb5 a4 36. Ra5 a3 37. Kg1 Kg7 38. h4 Kh6 39. Kf1 f5
40. Ke1 Rxc2 0-1

[Event "CCC 2021 IM"]
[Site "Ballerup"]
[Date "2021.08.06"]
[Round "5"]
[White "Brondt, Nicolai Kvist"]
[Black "Thogersen, Rasmus"]
[Result "0-1"]
[WhiteElo "2270"]
[BlackElo "2283"]
[PlyCount "134"]
[EventDate "2021.08.04"]
[EventType "tourn"]
[EventRounds "9"]
[EventCountry "DEN"]

1. d4 Nf6 2. c4 g6 3. Nf3 Bg7 4. g3 O-O 5. Bg2 d6 6. O-O Nbd7 7. Qc2 e5 8. Rd1
Re8 9. Nc3 c6 10. e4 Qb6 11. d5 Qc7 12. Bd2 a5 13. Ne1 Nc5 14. Nd3 Na6 15. a3
Bd7 16. b4 cxd5 17. cxd5 axb4 18. axb4 Bb5 19. Rab1 Qd7 20. Nxb5 Qxb5 21. Rdc1
Re7 22. Qc4 Nc7 23. Be3 Ra3 24. Qxb5 Nxb5 25. Rc8+ Re8 26. Rxe8+ Nxe8 27. Nc1
h5 28. Rb3 Ra1 29. Bf1 Nec7 30. Kg2 Kh7 31. Rb2 Bh6 32. Nb3 Re1 33. Bxh6 Kxh6
34. f3 Nc3 35. Rc2 N7b5 36. Na5 Rb1 37. Nxb7 Nd1 38. Kg1 Ne3 39. Rf2 Rxb4 40.
Re2 Nxf1 41. Kxf1 Nd4 42. Nxd6 Nxe2 43. Kxe2 Kg7 44. f4 Kf6 45. fxe5+ Kxe5 46.
Nxf7+ Kxe4 47. d6 Rb2+ 48. Ke1 Rb1+ 49. Ke2 Rb2+ 50. Ke1 Rb7 51. Ng5+ Ke3 52.
Kf1 Rd7 53. Kg2 Rxd6 54. h4 Ra6 55. Nf7 Ra2+ 56. Kh3 Kf2 57. Ng5 Ra4 58. Kh2
Rg4 59. Nh3+ Kf1 60. Ng1 Rxg3 61. Kxg3 Kxg1 62. Kf4 Kg2 63. Kg5 Kg3 64. Kxg6
Kxh4 65. Kf5 Kg3 66. Ke4 h4 67. Kd4 h3 0-1

[Event "CCC 2021 IM"]
[Site "Ballerup"]
[Date "2021.08.06"]
[Round "5"]
[White "Lindberg, Bengt"]
[Black "Akdag, Dara Sevkan"]
[Result "1-0"]
[WhiteElo "2376"]
[BlackElo "2231"]
[PlyCount "57"]
[EventDate "2021.08.04"]
[EventType "tourn"]
[EventRounds "9"]
[EventCountry "DEN"]

1. e4 c5 2. Nc3 d6 3. f4 Nc6 4. Nf3 g6 5. Bb5 Bg7 6. O-O e6 7. d3 Nge7 8. f5
exf5 9. Qe1 h6 10. exf5 Bxf5 11. Bc4 O-O 12. Nh4 Nd4 13. Nxf5 Nexf5 14. Rf2 Qh4
15. Qf1 Rae8 16. Ne4 Be5 17. g3 Bxg3 18. Rg2 Rxe4 19. dxe4 Bxh2+ 20. Rxh2 Qg4+
21. Rg2 Nf3+ 22. Kf2 Qxe4 23. Bd3 Qd5 24. Bxf5 Nh4 25. Bd3 Qd4+ 26. Be3 Qf6+
27. Kg3 Qe6 28. Re2 g5 29. Bxg5 1-0

[Event "CCC 2021 IM"]
[Site "Ballerup"]
[Date "2021.08.06"]
[Round "5"]
[White "Jepson, Christian"]
[Black "Sahl, Bjarke"]
[Result "1/2-1/2"]
[WhiteElo "2389"]
[BlackElo "2335"]
[PlyCount "61"]
[EventDate "2021.08.04"]
[EventType "tourn"]
[EventRounds "9"]
[EventCountry "DEN"]

1. Nf3 c5 2. c4 Nc6 3. b3 Nf6 4. g3 g6 5. Bb2 Bg7 6. Bg2 d5 7. O-O d4 8. e3 O-O
9. exd4 cxd4 10. a3 a5 11. b4 axb4 12. axb4 Rxa1 13. Bxa1 Nxb4 14. Bxd4 Nc6 15.
Bc3 Qd3 16. Na3 e5 17. Qb1 Qd6 18. Nb5 Qc5 19. Nxe5 Nxe5 20. d4 Nf3+ 21. Bxf3
Qxc4 22. d5 Bd7 23. Bxf6 Bxf6 24. Nd6 Qc7 25. Ne4 Bg7 26. d6 Qb8 27. Nc5 Qxd6
28. Nxd7 Qxd7 29. Qxb7 Qxb7 30. Bxb7 Rb8 31. Rb1 1/2-1/2

[Event "CCC 2021 IM"]
[Site "Ballerup"]
[Date "2021.08.06"]
[Round "5"]
[White "Sorensen, Hampus"]
[Black "Kistrup, Nicolai"]
[Result "1/2-1/2"]
[WhiteElo "2382"]
[BlackElo "2250"]
[PlyCount "79"]
[EventDate "2021.08.04"]
[EventType "tourn"]
[EventRounds "9"]
[EventCountry "DEN"]

1. d4 Nf6 2. Bg5 d5 3. Nd2 c5 4. dxc5 Na6 5. Ngf3 Nxc5 6. e3 e6 7. c4 Be7 8.
Be2 O-O 9. O-O b6 10. Qc2 Bb7 11. Rfd1 Rc8 12. Rac1 Nfe4 13. Bxe7 Qxe7 14. cxd5
exd5 15. Qb1 Ne6 16. Nb3 Qb4 17. Rxc8 Rxc8 18. Rc1 Rxc1+ 19. Qxc1 N6c5 20. Nbd4
Qa4 21. a3 Qd7 22. h3 Kf8 23. Nd2 Qc8 24. Nxe4 dxe4 25. b4 Na4 26. Qxc8+ Bxc8
27. Kf1 Nc3 28. Ke1 Nxe2 29. Nxe2 Ke7 30. h4 Kd6 31. Nc3 Ke5 32. Kd2 Bd7 33.
Ne2 Bb5 34. Nd4 Bd7 35. Kc3 Kd5 36. g3 g6 37. Kb3 a6 38. Ne2 Bg4 39. Nd4 Bd1+
40. Kc3 1/2-1/2

[Event "CCC 2021 IM"]
[Site "Ballerup"]
[Date "2021.08.06"]
[Round "5"]
[White "Ramsdal, Jens Albert"]
[Black "Vesterli, Michael E"]
[Result "1-0"]
[WhiteElo "2253"]
[BlackElo "2207"]
[PlyCount "57"]
[EventDate "2021.08.04"]
[EventType "tourn"]
[EventRounds "9"]
[EventCountry "DEN"]

1. b3 d5 2. Bb2 Nf6 3. Nf3 e6 4. e3 Bd6 5. d4 O-O 6. Bd3 c5 7. O-O Nc6 8. Nbd2
cxd4 9. exd4 Qc7 10. a3 Rd8 11. Qe2 Bf4 12. g3 Bh6 13. h4 Re8 14. Ne5 Nxe5 15.
dxe5 Nd7 16. b4 Bxd2 17. Qxd2 Nxe5 18. Qf4 f6 19. Rfe1 Bd7 20. Rxe5 fxe5 21.
Bxe5 Qd8 22. Qg4 Qe7 23. Qh5 g6 24. Bxg6 Rec8 25. Bd3 a5 26. Re1 Qf7 27. Qg5+
Kf8 28. Re3 Ke8 29. Be2 1-0